A checklist of the flowering plants and gymnosperms of Brunei Darussalam

Bibliographic Details
Corporate Author: Royal Botanic Gardens, Kew
Other Authors: Coode, Mark James Elgar (1937- ), Dransfield, John (1945- ), Forman, Lewis Leonard (1929-1998), Idris Mohammed Said, Kirkup, Donald William (1958- )
Format: Book
Published: Brunei Darussalam : Ministry of Industry and Primary Resources , 1996.
Subjects:

MARC

LEADER 00000cam a2200000 7i4500
001 0000003422
005 20060317.0
020 0 0 |a 9991731008 
090 0 0 |a 581.9   |b CHE 
245 1 2 |a A checklist of the flowering plants and gymnosperms of Brunei Darussalam   |c initiated by K. M. Wong & J. Dransfield   |c database design and text generation by D. W. Kirkup   |c edited by M. J. E. Coode, J. Dransfield, L. L. Forman, D. W. Kirkup, & Idris M. Said. 
260 0 0 |a Brunei Darussalam :   |b Ministry of Industry and Primary Resources ,   |c 1996. 
300 |a xviii, 477p. :   |b ill., maps, ports ;   |c 25cm. 
650 0 0 |a Brunei 
650 0 0 |a Fruits 
650 0 0 |a Habitats 
650 0 0 |a Plant distribution 
650 0 0 |a Trees 
650 0 0 |a Vernacular names 
700 1 1 |a Coode, Mark James Elgar (1937- ) 
700 1 1 |a Dransfield, John (1945- ) 
700 1 1 |a Forman, Lewis Leonard (1929-1998) 
700 1 1 |a Idris Mohammed Said 
700 1 1 |a Kirkup, Donald William (1958- ) 
710 2 1 |a Royal Botanic Gardens, Kew 
999 |a 0000006496   |b Monograph   |c Open Shelf   |e Default branch